Welcome to the Holygrace Academy Library

Please use search bar below to get started

THE HARDY BOYS - DEPRIVATION HOUSE (Record no. 7792)

MARC details
000 -LEADER
fixed length control field 00639nam a22001457a 4500
020 ## - INTERNATIONAL STANDARD BOOK NUMBER
ISBN 978-1-4169-6170-3
082 ## - DEWEY DECIMAL CLASSIFICATION NUMBER
Classification number 823
Item number DIX/H
100 ## - MAIN ENTRY--AUTHOR NAME
Personal name DIXON, FRANKLIN, W
245 ## - TITLE STATEMENT
Title THE HARDY BOYS - DEPRIVATION HOUSE
260 ## - PUBLICATION, DISTRIBUTION, ETC. (IMPRINT)
Place of publication NEW YORK
Name of publisher ALADDIN PAPERBACKS
Year of publication 2008
300 ## - PHYSICAL DESCRIPTION
Number of Pages 161
520 ## - SUMMARY, ETC.
Summary, etc To join the cast of a new reality show called Deprivation House - featuring a group of teens competing to see who can survive the longest without modern luxuries - and to determine who's behind the death threats received by other contestants. LOCATION: A huge villa in Beverly Hills, CA.
650 ## - SUBJECT ADDED ENTRY--TOPICAL TERM
Topical Term MYSTERY HOUSE
Geographic subdivision UNITED STATES
942 ## - ADDED ENTRY ELEMENTS (KOHA)
Koha item type Books
Holdings
Withdrawn status Lost status Collection code Home library Current library Shelving location Date acquired Source of acquisition Cost, normal purchase price Full call number Accession Number Koha item type
    Fiction Main Library Main Library NEW SHELF WITH NEW ENTRY 20/11/2023 purchase 250.00 823 DIX/H 13428 Books